书目信息 |
| 题名: |
Internet 组网、管理与应用—用户篇
|
|
| 作者: | 温晓军 , 金辉 编著 | |
| 分册: | ||
| 出版信息: | 北京 人民邮电出版社 1999.10 |
|
| 页数: | 314页 | |
| 开本: | 16开 | |
| 丛书名: | ||
| 单 册: | ||
| 中图分类: | TP393.14 | |
| 科图分类: | ||
| 主题词: | 计算机应用 | |
| 电子资源: | ||
| ISBN: | 7-115-08132-8 | |
| 000 | 00644nam0 2200205 45 | |
| 001 | 0009291565 | |
| 005 | 20000929152645.1 | |
| 010 | @a7-115-08132-8@d30.00元 | |
| 100 | @a20000929d1999 km y0chiy0120 ea | |
| 101 | 0 | @achi |
| 105 | @a z 000yy | |
| 200 | 1 | @aInternet 组网、管理与应用—用户篇@AInternet Zu Wang、Guan Li Yu Ying Yong—Yong Hu Pian@f温晓军,金辉编著@FWen Xiao Jun,Jin Hui Bian Zhu |
| 210 | @a北京@c人民邮电出版社@d1999.10 | |
| 215 | @a314页@d16开 | |
| 606 | 0 | @a计算机应用 |
| 690 | @aTP393.14@v3 | |
| 701 | 0 | @a温晓军@4编著 |
| 701 | 0 | @a金辉@4编著 |
| 801 | @aCN@bPftUser@c20000929 | |
| 905 | @b159169-170@dTP393.14@eW360@f2 | |
| Internet 组网、管理与应用—用户篇/温晓军,金辉编著.-北京:人民邮电出版社,1999.10 |
| 314页;16开 |
| ISBN 7-115-08132-8:30.00元 |
| ● |
| 相关链接 |
|
|
|
正题名:Internet组网、管理与应用—用户篇
索取号:TP393.14/W360
 
预约/预借
| 序号 | 登录号 | 条形码 | 馆藏地/架位号 | 状态 | 备注 |
| 1 | 159169 | 201591697 | 期刊室512/301自科库 133排1列2层/ [索取号:TP393.14/W360] | 在馆 | |
| 2 | 159170 | 201591704 | 期刊室512/301自科库 133排1列2层/ [索取号:TP393.14/W360] | 在馆 |